000 00450nam a2200181Ia 4500
001 14334
005 20260306164906.0
008 260306t2015||||xx |||||||||||||| ||spa||
041 _aESP
082 _a512.1
_bB35
100 _aBedoya Barriga, Yaan Agustín
_eAUT
245 0 _aGuía de práctica de álgebra y geometría
260 _c2015
300 _a195 páginas :
_c30 cm.
650 _aGEN
654 _aCMA
942 _cLIB
_dJUS
_fJUS
_2ddc
_n
999 _c14334
_d14334